[Event "CP-2018-P-00021"]
[Site "LSS email"]
[Date "2018.09.27"]
[Round "?"]
[White "Vasek, Vladimir"]
[Black "Nita, Catalin"]
[Result "1/2-1/2"]
[WhiteElo "1861"]
[BlackElo "2210"]
[PlyCount "52"]
[EventDate "2018.10.01"]
[EventType "tourn (corr)"]
[EventRounds "6"]
[EventCountry "GER"]
[SourceTitle "Corr 2022"]
[Source "ChessBase"]
[SourceDate "2021.10.24"]
[SourceVersion "1"]
[SourceVersionDate "2021.10.24"]
[SourceQuality "1"]

1. e4 c5 2. Nf3 d6 3. d4 cxd4 4. Nxd4 Nf6 5. Nc3 a6 6. Bg5 e6 7. f4 Qb6 8. Qd2 Qxb2 9. Rb1 Qa3 10. f5 Nc6 11. fxe6 fxe6 12. Nxc6 bxc6 13. e5 dxe5 14. Bxf6 gxf6 15. Ne4 Qxa2 16. Rd1 Be7 17. Be2 0-0 18. 0-0 f5 19. Qh6 Qxc2 20. Rf3 f4 21. Rh3 Rf7 22. Rhd3 Qxe2 23. Rd8+ Rf8 24. Nf6+ Kf7 25. Qxh7+ Kxf6 26. Qh6+ Kf7 1/2-1/2

[Event "CP-2017-P-00008"]
[Site "LSS email"]
[Date "2017.09.27"]
[Round "?"]
[White "Buczinski, Henryk"]
[Black "Nita, Catalin"]
[Result "0-1"]
[WhiteElo "1845"]
[BlackElo "2211"]
[PlyCount "100"]
[EventDate "2017.10.01"]
[EventType "tourn (corr)"]
[EventRounds "6"]
[EventCountry "GER"]
[SourceTitle "Corr 2022"]
[Source "ChessBase"]
[SourceDate "2021.10.24"]
[SourceVersion "1"]
[SourceVersionDate "2021.10.24"]
[SourceQuality "1"]

1. e4 c5 2. Nf3 d6 3. d4 cxd4 4. Nxd4 Nf6 5. Nc3 Nc6 6. Bg5 e6 7. Qd2 Be7 8. 0-0-0 0-0 9. f4 Nxd4 10. Qxd4 Qa5 11. Bc4 Bd7 12. e5 dxe5 13. fxe5 Bc6 14. Bd2 Nd7 15. Nd5 Qc5 16. Nxe7+ Qxe7 17. Rhe1 Nb6 18. Bf1 Rfd8 19. Qg4 Qc5 20. Qb4 Qf2 21. Qf4 Qxf4 22. Bxf4 Rxd1+ 23. Rxd1 Nd5 24. Bd2 a6 25. c4 Ne7 26. b3 h5 27. Ba5 h4 28. Re1 Nf5 29. Bb6 Kh7 30. Kd2 g5 31. Rd1 Kg6 32. Kc3 g4 33. Rd2 g3 34. h3 f6 35. Bd3 fxe5 36. Re2 Rc8 37. Be4 Kf7 38. Kd3 Ne7 39. Rd2 Rf8 40. Bxc6 Nxc6 41. Be3 Kg6 42. Ke2 Rf7 43. Rd1 Kh5 44. Rd6 Nd4+ 45. Kd3 Rf1 46. c5 Rd1+ 47. Kc3 Ra1 48. Bxd4 exd4+ 49. Kxd4 Rxa2 50. Kc3 Rxg2 0-1

[Event "CP-2017-P-00008"]
[Site "LSS email"]
[Date "2017.09.27"]
[Round "?"]
[White "Nita, Catalin"]
[Black "Roques, Pascal"]
[Result "1/2-1/2"]
[WhiteElo "2211"]
[BlackElo "2326"]
[PlyCount "69"]
[EventDate "2017.10.01"]
[EventType "tourn (corr)"]
[EventRounds "6"]
[EventCountry "GER"]
[SourceTitle "Corr 2022"]
[Source "ChessBase"]
[SourceDate "2021.10.24"]
[SourceVersion "1"]
[SourceVersionDate "2021.10.24"]
[SourceQuality "1"]

1. e4 c5 2. Nf3 d6 3. d4 cxd4 4. Nxd4 Nf6 5. Nc3 a6 6. Bg5 Nbd7 7. Bc4 Qb6 8. Bb3 e6 9. 0-0 Be7 10. a4 Nc5 11. a5 Qc7 12. f3 Rb8 13. Qd2 h6 14. Be3 e5 15. Nde2 Nxb3 16. cxb3 Be6 17. Na4 0-0 18. Rfc1 Qd8 19. Bb6 Qe8 20. Bc7 d5 21. Bxb8 Qxb8 22. Ng3 dxe4 23. fxe4 Rd8 24. Qc3 Qa7+ 25. Nb6 Nd7 26. Nf5 Bxf5 27. exf5 Nxb6 28. axb6 Qxb6+ 29. Kh1 Bg5 30. Rd1 e4 31. Rxd8+ Qxd8 32. Qe5 e3 33. h4 Bxh4 34. Qxe3 Bf6 35. Re1 1/2-1/2

[Event "CP-2017-P-00008"]
[Site "LSS email"]
[Date "2017.09.27"]
[Round "?"]
[White "Vontina, Maria"]
[Black "Nita, Catalin"]
[Result "0-1"]
[WhiteElo "830"]
[BlackElo "2211"]
[PlyCount "40"]
[EventDate "2017.10.01"]
[EventType "tourn (corr)"]
[EventRounds "6"]
[EventCountry "GER"]
[SourceTitle "Corr 2022"]
[Source "ChessBase"]
[SourceDate "2021.10.24"]
[SourceVersion "1"]
[SourceVersionDate "2021.10.24"]
[SourceQuality "1"]

1. e4 c5 2. Nf3 d6 3. d4 cxd4 4. Nxd4 Nf6 5. Nc3 a6 6. Bg5 e6 7. f4 Qb6 8. Nb3 Be7 9. Qf3 Qc7 10. 0-0-0 Nbd7 11. g4 h6 12. Bh4 b5 13. a3 Bb7 14. Bd3 Rc8 15. g5 hxg5 16. Bxg5 d5 17. Bxf6 Nxf6 18. Nd4 dxe4 19. Bxe4 Nxe4 20. Nxe4 Rh4 0-1

[Event "CP-2016-P-00026"]
[Site "LSS email"]
[Date "2016.09.27"]
[Round "?"]
[White "Avellan, Gerardo"]
[Black "Nita, Catalin"]
[Result "0-1"]
[WhiteElo "1963"]
[BlackElo "2190"]
[PlyCount "80"]
[EventDate "2016.10.01"]
[EventType "tourn (corr)"]
[EventRounds "6"]
[EventCountry "GER"]
[SourceTitle "Corr 2022"]
[Source "ChessBase"]
[SourceDate "2021.10.24"]
[SourceVersion "1"]
[SourceVersionDate "2021.10.24"]
[SourceQuality "1"]

1. d4 Nf6 2. c4 e6 3. Nc3 Bb4 4. Bd2 0-0 5. Nf3 b6 6. Nb5 Be7 7. Bf4 d6 8. e3 Nh5 9. Bd3 Bb7 10. 0-0 Bf6 11. Re1 Nxf4 12. exf4 g6 13. Be4 c6 14. Nc3 Nd7 15. Qd2 Bg7 16. Rad1 Qc7 17. Bb1 Nf6 18. b3 Rfe8 19. Qe3 Rad8 20. h3 c5 21. dxc5 bxc5 22. Nb5 Qb8 23. Nh2 Nh5 24. g4 Nf6 25. Nf1 a6 26. Nc3 d5 27. Na4 Nd7 28. Nd2 Bd4 29. Qg3 Bc6 30. Nc3 Bxc3 31. Qxc3 Qxf4 32. Qe3 Qxe3 33. Rxe3 d4 34. Rg3 a5 35. h4 Kg7 36. Re1 h6 37. Be4 Bxe4 38. Nxe4 Ra8 39. a4 Rab8 40. Kf1 Rb6 0-1

[Event "CP-2016-P-00026"]
[Site "LSS email"]
[Date "2016.09.27"]
[Round "?"]
[White "Flores, Luis"]
[Black "Nita, Catalin"]
[Result "1/2-1/2"]
[WhiteElo "2134"]
[BlackElo "2190"]
[PlyCount "71"]
[EventDate "2016.10.01"]
[EventType "tourn (corr)"]
[EventRounds "6"]
[EventCountry "GER"]
[SourceTitle "Corr 2022"]
[Source "ChessBase"]
[SourceDate "2021.10.24"]
[SourceVersion "1"]
[SourceVersionDate "2021.10.24"]
[SourceQuality "1"]

1. d4 Nf6 2. Nf3 e6 3. c4 d5 4. Nc3 Be7 5. Bf4 0-0 6. e3 Nbd7 7. c5 Nh5 8. Bd3 b6 9. b4 a5 10. a3 Nxf4 11. exf4 c6 12. 0-0 Qc7 13. g3 Ba6 14. Bxa6 Rxa6 15. Qe2 Rfa8 16. b5 cxb5 17. Nxd5 exd5 18. Qxe7 Rc8 19. Rfb1 bxc5 20. Rxb5 Re6 21. Qg5 h6 22. Qxd5 Rd6 23. Qc4 cxd4 24. Qxc7 Rxc7 25. Rxa5 Kh7 26. Rd1 d3 27. Ra4 Rc3 28. Nd2 Rd5 29. Ne4 Rc2 30. Ra6 g6 31. a4 f5 32. Nf6+ Nxf6 33. Rxf6 g5 34. fxg5 hxg5 35. Rb6 f4 36. gxf4 1/2-1/2

[Event "CP-2016-P-00026"]
[Site "LSS email"]
[Date "2016.09.27"]
[Round "?"]
[White "Nita, Catalin"]
[Black "Hoffmann, Thomas"]
[Result "1/2-1/2"]
[WhiteElo "2190"]
[BlackElo "1761"]
[PlyCount "48"]
[EventDate "2016.10.01"]
[EventType "tourn (corr)"]
[EventRounds "6"]
[EventCountry "GER"]
[SourceTitle "Corr 2022"]
[Source "ChessBase"]
[SourceDate "2021.10.24"]
[SourceVersion "1"]
[SourceVersionDate "2021.10.24"]
[SourceQuality "1"]

1. d4 e6 2. e4 d5 3. Nc3 Bb4 4. exd5 exd5 5. Bd3 Nf6 6. Nf3 0-0 7. 0-0 Bg4 8. h3 Bh5 9. Bg5 c6 10. Nb1 h6 11. Bh4 Bd6 12. Nbd2 Nbd7 13. c3 Qc7 14. Bxf6 Nxf6 15. Qc2 g6 16. Ne5 Bxe5 17. dxe5 Qxe5 18. Rae1 Qc7 19. g4 Bxg4 20. hxg4 Nxg4 21. Nf3 Qf4 22. Be2 Nf6 23. Qd2 Qg4+ 24. Kh2 Qh5+ 1/2-1/2

[Event "CP-2015-Q-00007"]
[Site "LSS email"]
[Date "2015.12.02"]
[Round "?"]
[White "Nita, Catalin"]
[Black "Saganauer, Richard"]
[Result "1-0"]
[WhiteElo "2189"]
[BlackElo "2165"]
[PlyCount "141"]
[EventDate "2015.12.08"]
[EventType "tourn (corr)"]
[EventRounds "6"]
[EventCountry "GER"]
[SourceTitle "Corr 2022"]
[Source "ChessBase"]
[SourceDate "2021.10.24"]
[SourceVersion "1"]
[SourceVersionDate "2021.10.24"]
[SourceQuality "1"]

1. e4 e5 2. Nf3 Nf6 3. Nxe5 d6 4. Nf3 Nxe4 5. d4 d5 6. Bd3 Nc6 7. 0-0 Be7 8. c4 Nb4 9. Be2 0-0 10. Nc3 Bf5 11. a3 Nxc3 12. bxc3 Nc6 13. Re1 Re8 14. cxd5 Qxd5 15. Bf4 Rac8 16. Bd3 Qd7 17. Rb1 b6 18. d5 Bxd3 19. Qxd3 Bxa3 20. Ng5 g6 21. Ne4 Qf5 22. Bxc7 Rxc7 23. Nf6+ Qxf6 24. Rxe8+ Kg7 25. dxc6 Bc5 26. Rf1 a5 27. Qd8 Qxd8 28. Rxd8 Rxc6 29. Re1 a4 30. Kf1 a3 31. Ree8 h5 32. Ke2 h4 33. h3 g5 34. f3 b5 35. Kd3 b4 36. cxb4 Bxb4 37. Ra8 Rc3+ 38. Ke4 Rc4+ 39. Kf5 Rc5+ 40. Kg4 Rd5 41. f4 gxf4 42. Red8 Re5 43. Kxf4 Re2 44. Rg8+ Kf6 45. Ra6+ Ke7 46. Kf3 Rc2 47. Rg4 Rc3+ 48. Ke2 Rc2+ 49. Kd3 Rc3+ 50. Kd4 Rc2 51. Rxh4 Rxg2 52. Kc4 Rb2 53. Re4+ Kf8 54. Ra8+ Kg7 55. Rg4+ Kf6 56. Rf4+ Kg7 57. Ra7 Kg6 58. Rfxf7 Bd6 59. Rfd7 Bf8 60. Ra6+ Kg5 61. Rf7 Rb8 62. Kd5 Rd8+ 63. Ke6 Re8+ 64. Kd7 Rb8 65. Rf3 Kh5 66. Ra4 Kh6 67. Ke6 Bb4 68. Rg3 Re8+ 69. Kd7 Re4 70. Kc6 a2 71. Rxa2 1-0

[Event "CP-2015-P-00019"]
[Site "LSS email"]
[Date "2015.09.28"]
[Round "?"]
[White "De Ridder, Michael"]
[Black "Nita, Catalin"]
[Result "0-1"]
[WhiteElo "1592"]
[BlackElo "2173"]
[PlyCount "22"]
[EventDate "2015.10.01"]
[EventType "tourn (corr)"]
[EventRounds "6"]
[EventCountry "GER"]
[SourceTitle "Corr 2022"]
[Source "ChessBase"]
[SourceDate "2021.10.24"]
[SourceVersion "1"]
[SourceVersionDate "2021.10.24"]
[SourceQuality "1"]

1. e4 c5 2. c3 Nf6 3. e5 Nd5 4. Nf3 Nc6 5. Bc4 Nb6 6. Bb3 d5 7. exd6 Qxd6 8. Na3 Be6 9. Nb5 Qd7 10. 0-0 Bxb3 11. Qxb3 Na5 0-1

[Event "CP-2015-P-00019"]
[Site "LSS email"]
[Date "2015.09.28"]
[Round "?"]
[White "Nita, Catalin"]
[Black "Jablonski, Czeslaw"]
[Result "1/2-1/2"]
[WhiteElo "2173"]
[BlackElo "2029"]
[PlyCount "70"]
[EventDate "2015.10.01"]
[EventType "tourn (corr)"]
[EventRounds "6"]
[EventCountry "GER"]
[SourceTitle "Corr 2022"]
[Source "ChessBase"]
[SourceDate "2021.10.24"]
[SourceVersion "1"]
[SourceVersionDate "2021.10.24"]
[SourceQuality "1"]

1. d4 Nf6 2. c4 e6 3. Nc3 d5 4. Nf3 Be7 5. Bf4 0-0 6. e3 Nbd7 7. a3 c5 8. cxd5 Nxd5 9. Nxd5 exd5 10. dxc5 Nxc5 11. Be2 Bf6 12. Be5 Bxe5 13. Nxe5 b6 14. Nf3 Qf6 15. Qd4 Qg6 16. Rd1 Re8 17. 0-0 Bh3 18. Ne1 Red8 19. b4 Ne6 20. Qh4 Bf5 21. Nd3 Rac8 22. g4 Bxd3 23. Bxd3 Ng5 24. Kg2 Qf6 25. f4 Ne4 26. Qxf6 Nxf6 27. g5 Ne4 28. Rc1 Nd2 29. Rfd1 Rxc1 30. Rxc1 Nc4 31. Kf2 b5 32. e4 h6 33. gxh6 gxh6 34. exd5 Rxd5 35. Bxc4 bxc4 1/2-1/2

[Event "CP-2014-P-00027"]
[Site "LSS email"]
[Date "2014.09.30"]
[Round "?"]
[White "Korzun, Sergey"]
[Black "Nita, Catalin"]
[Result "0-1"]
[WhiteElo "1510"]
[BlackElo "2173"]
[PlyCount "80"]
[EventDate "2014.10.01"]
[EventType "tourn (corr)"]
[EventRounds "6"]
[EventCountry "GER"]
[SourceTitle "Corr 2022"]
[Source "ChessBase"]
[SourceDate "2021.10.24"]
[SourceVersion "1"]
[SourceVersionDate "2021.10.24"]
[SourceQuality "1"]

1. Nf3 Nf6 2. d4 d5 3. c4 c6 4. Nc3 e6 5. e3 Nbd7 6. Qc2 Bd6 7. Bd3 0-0 8. 0-0 dxc4 9. Bxc4 a6 10. Rd1 b5 11. Bd3 Qc7 12. Ne4 Nxe4 13. Bxe4 Nf6 14. Bd3 h6 15. e4 Be7 16. Qe2 Nd7 17. Be3 Bb7 18. Rac1 Rfd8 19. a3 e5 20. Bb1 exd4 21. Nxd4 Ne5 22. Nf5 Rxd1+ 23. Rxd1 Rd8 24. f4 Rxd1+ 25. Qxd1 Nc4 26. Bd4 g6 27. Nxe7+ Qxe7 28. Bc3 c5 29. Qe2 Qd6 30. e5 Qc6 31. e6 f5 32. e7 Kf7 33. Ba2 Ke8 34. Bxc4 bxc4 35. Bg7 h5 36. Bc3 Qd5 37. h3 Bc6 38. Bd2 Kf7 39. Be3 a5 40. Qf2 Kxe7 0-1

[Event "CP-2014-P-00027"]
[Site "LSS email"]
[Date "2014.09.30"]
[Round "?"]
[White "Veiseh, David"]
[Black "Nita, Catalin"]
[Result "1/2-1/2"]
[WhiteElo "1833"]
[BlackElo "2173"]
[PlyCount "68"]
[EventDate "2014.10.01"]
[EventType "tourn (corr)"]
[EventRounds "6"]
[EventCountry "GER"]
[SourceTitle "Corr 2022"]
[Source "ChessBase"]
[SourceDate "2021.10.24"]
[SourceVersion "1"]
[SourceVersionDate "2021.10.24"]
[SourceQuality "1"]

1. e4 c5 2. Nf3 Nc6 3. d4 cxd4 4. Nxd4 Nf6 5. Nc3 d6 6. Bg5 e6 7. Qd2 h6 8. Bxf6 gxf6 9. 0-0-0 a6 10. f4 Bd7 11. Be2 Qb6 12. Nxc6 Bxc6 13. Bh5 Qc5 14. Qe2 f5 15. Rhf1 fxe4 16. f5 exf5 17. g4 0-0-0 18. Rxf5 Qb6 19. Nxe4 Re8 20. Qf2 Qxf2 21. Nxf2 Be7 22. Bxf7 Ref8 23. Be6+ Kc7 24. Kb1 Rf6 25. Re1 h5 26. a3 hxg4 27. Rxf6 Bxf6 28. Nxg4 Bg5 29. Rf1 a5 30. Rf5 Bd2 31. Bd5 Rh4 32. Be6 Rh8 33. Rf2 Bg5 34. Rf5 Bd2 1/2-1/2

[Event "BI-2014-P-0000"]
[Site "LSS email"]
[Date "2014.04.19"]
[Round "?"]
[White "Eide, John Henning"]
[Black "Nita, Catalin"]
[Result "1/2-1/2"]
[WhiteElo "1797"]
[BlackElo "2183"]
[PlyCount "58"]
[EventDate "2014.04.25"]
[EventType "tourn (corr)"]
[EventRounds "10"]
[EventCountry "GER"]
[SourceTitle "Corr 2022"]
[Source "ChessBase"]
[SourceDate "2021.10.24"]
[SourceVersion "1"]
[SourceVersionDate "2021.10.24"]
[SourceQuality "1"]

1. d4 Nf6 2. Nf3 d5 3. c4 e6 4. Nc3 c6 5. e3 Nbd7 6. Qc2 Bd6 7. Bd3 0-0 8. 0-0 dxc4 9. Bxc4 a6 10. Bd2 c5 11. Bd3 h6 12. Rac1 cxd4 13. exd4 b5 14. Ne4 Nxe4 15. Bxe4 Ra7 16. Rfe1 Rc7 17. Qd3 Rxc1 18. Rxc1 Qb6 19. d5 Nf6 20. dxe6 Bxe6 21. Rc6 Qb7 22. Bh7+ Nxh7 23. Rxd6 Nf6 24. b3 Ne4 25. Rd8 Rxd8 26. Qxd8+ Kh7 27. Qd3 Bf5 28. Be1 Qe7 29. Qe2 Kg8 1/2-1/2

[Event "BI-2014-P-0000"]
[Site "LSS email"]
[Date "2014.04.19"]
[Round "?"]
[White "Nita, Catalin"]
[Black "Abbey, William"]
[Result "1-0"]
[WhiteElo "2183"]
[BlackElo "2114"]
[PlyCount "111"]
[EventDate "2014.04.25"]
[EventType "tourn (corr)"]
[EventRounds "10"]
[EventCountry "GER"]
[SourceTitle "Corr 2022"]
[Source "ChessBase"]
[SourceDate "2021.10.24"]
[SourceVersion "1"]
[SourceVersionDate "2021.10.24"]
[SourceQuality "1"]

1. d4 Nf6 2. c4 e6 3. Nf3 b6 4. g3 Bb7 5. Bg2 c5 6. d5 exd5 7. cxd5 Bxd5 8. Nc3 Bb7 9. e4 Nxe4 10. Nd5 Nc6 11. 0-0 Ne7 12. Ng5 Bxd5 13. Bxe4 Bxe4 14. Nxe4 Ng6 15. Bg5 f6 16. Re1 Be7 17. Qd5 Kf8 18. Rad1 d6 19. h4 Rb8 20. f4 Qc7 21. h5 Qb7 22. Qb3 b5 23. Qe6 Qc8 24. Qd5 Qb7 25. Nxf6 Qxd5 26. Nxh7+ Rxh7 27. Rxd5 Rxh5 28. Bxe7+ Kf7 29. Rxh5 Nxe7 30. Kf2 b4 31. g4 Rc8 32. b3 Rc7 33. Rh8 d5 34. Rb1 c4 35. bxc4 Rxc4 36. Rb8 a5 37. Kg3 Ng6 38. Rb7+ Kg8 39. Rf1 Rc3+ 40. Rf3 Rc1 41. Rb5 Rg1+ 42. Kh3 Rh1+ 43. Kg2 Rc1 44. Rf2 Rc3 45. Rxd5 Ra3 46. f5 Nh4+ 47. Kh2 Kf8 48. Rc2 g5 49. Rd7 Ke8 50. Ra7 Nf3+ 51. Kh1 Rc3 52. Rxc3 bxc3 53. Rxa5 c2 54. Rc5 Nd4 55. Rc4 Ke7 56. Kg2 1-0

[Event "CP-2013-P-00058"]
[Site "LSS email"]
[Date "2013.09.30"]
[Round "?"]
[White "Kriksciunas, Bronislavas"]
[Black "Nita, Catalin"]
[Result "1/2-1/2"]
[WhiteElo "2144"]
[BlackElo "1937"]
[PlyCount "70"]
[EventDate "2013.10.01"]
[EventType "tourn (corr)"]
[EventRounds "6"]
[EventCountry "GER"]
[SourceTitle "Corr 2015"]
[Source "ChessBase"]
[SourceDate "2015.07.17"]
[SourceVersion "1"]
[SourceVersionDate "2015.07.17"]
[SourceQuality "1"]

1. Nf3 Nf6 2. d4 d5 3. c4 e6 4. g3 dxc4 5. Bg2 Nc6 6. Qa4 Bb4+ 7. Bd2 Nd5 8. Bxb4 Ndxb4 9. 0-0 Rb8 10. Nc3 a6 11. Ne5 0-0 12. Nxc6 Nxc6 13. Bxc6 bxc6 14. Qxc4 Qd6 15. Ne4 Qd5 16. Qxd5 cxd5 17. Nc5 Rxb2 18. e3 f6 19. Rfb1 Rb6 20. Rb3 Kf7 21. Rab1 Rxb3 22. Rxb3 Ke7 23. Rb8 e5 24. f3 exd4 25. exd4 a5 26. Nb3 a4 27. Nc5 a3 28. Ra8 Bf5 29. Rxa3 Rb8 30. g4 Bd7 31. Rb3 Rxb3 32. Nxb3 Kd6 33. Nc5 Bc8 34. a4 Kc6 35. Kf2 Kb6 1/2-1/2

[Event "CP-2013-P-00058"]
[Site "LSS email"]
[Date "2013.09.30"]
[Round "?"]
[White "Nita, Catalin"]
[Black "Brzeszkiewicz, Edmund"]
[Result "1/2-1/2"]
[WhiteElo "1937"]
[BlackElo "2043"]
[PlyCount "89"]
[EventDate "2013.10.01"]
[EventType "tourn (corr)"]
[EventRounds "6"]
[EventCountry "GER"]
[SourceTitle "Corr 2015"]
[Source "ChessBase"]
[SourceDate "2015.07.17"]
[SourceVersion "1"]
[SourceVersionDate "2015.07.17"]
[SourceQuality "1"]

1. e4 e5 2. Nf3 Nc6 3. d4 exd4 4. Nxd4 Bc5 5. Be3 Qf6 6. c3 Nge7 7. Bc4 Ne5 8. Be2 Qg6 9. 0-0 d6 10. f3 0-0 11. Nd2 d5 12. Kh1 Bb6 13. Bf4 Qf6 14. Bg3 h5 15. Qe1 N5g6 16. a4 h4 17. Bf2 c6 18. f4 dxe4 19. a5 Bd8 20. Nxe4 Qxf4 21. Bc4 h3 22. Bg3 hxg2+ 23. Kxg2 Qg4 24. Nd6 Nd5 25. a6 bxa6 26. Nxc6 Be6 27. Kh1 Bb6 28. Nd4 Bxd4 29. cxd4 Rab8 30. b3 Rb6 31. Qf2 Nf6 32. Rae1 a5 33. Be5 Qh3 34. Qg3 Nxe5 35. Qxh3 Bxh3 36. dxe5 Bxf1 37. Rxf1 Rxd6 38. exd6 Rd8 39. Ra1 Rxd6 40. Rxa5 Rd7 41. h3 g6 42. h4 Rb7 43. Kg2 Kg7 44. Re5 Nd7 45. Ra5 1/2-1/2

[Event "CP-2013-P-00058"]
[Site "LSS email"]
[Date "2013.09.30"]
[Round "?"]
[White "Nita, Catalin"]
[Black "Hoehne, Volkmar"]
[Result "1/2-1/2"]
[WhiteElo "1937"]
[BlackElo "1832"]
[PlyCount "66"]
[EventDate "2013.10.01"]
[EventType "tourn (corr)"]
[EventRounds "6"]
[EventCountry "GER"]
[SourceTitle "Corr 2015"]
[Source "ChessBase"]
[SourceDate "2015.07.17"]
[SourceVersion "1"]
[SourceVersionDate "2015.07.17"]
[SourceQuality "1"]

1. e4 c5 2. Nf3 d6 3. d4 cxd4 4. Nxd4 Nf6 5. Nc3 a6 6. Be3 e5 7. Nb3 Be6 8. f3 Be7 9. Qd2 0-0 10. 0-0-0 Nbd7 11. g4 b5 12. g5 b4 13. Ne2 Ne8 14. f4 a5 15. f5 a4 16. Nbd4 exd4 17. Nxd4 b3 18. Kb1 bxc2+ 19. Nxc2 Bb3 20. axb3 axb3 21. Na3 Ne5 22. h4 Ra4 23. Rh3 Qa8 24. Qd5 Rxa3 25. bxa3 Qxa3 26. Qd2 Nf6 27. Bd4 Nfd7 28. Rc3 Nc5 29. Rxc5 Nf3 30. Qa5 Qa2+ 31. Qxa2 bxa2+ 32. Kxa2 dxc5 33. Bf2 Ra8+ 1/2-1/2

[Event "BI-2012-P-00015"]
[Site "LSS email"]
[Date "2012.04.20"]
[Round "?"]
[White "Kazimierski, Tomasz"]
[Black "Nita, Catalin"]
[Result "1/2-1/2"]
[WhiteElo "1704"]
[BlackElo "2163"]
[PlyCount "58"]
[EventDate "2012.04.22"]
[EventType "tourn (corr)"]
[EventRounds "10"]
[EventCountry "GER"]
[SourceTitle "Corr 2022"]
[Source "ChessBase"]
[SourceDate "2021.10.24"]
[SourceVersion "1"]
[SourceVersionDate "2021.10.24"]
[SourceQuality "1"]

1. d4 Nf6 2. c4 e6 3. g3 d5 4. Nc3 Bb4 5. cxd5 exd5 6. Nf3 Nc6 7. Bg2 0-0 8. 0-0 Ne4 9. Nxe4 dxe4 10. Ng5 Nxd4 11. Nxe4 Bg4 12. f3 Bf5 13. Be3 Bxe4 14. Qxd4 Qxd4 15. Bxd4 Rfd8 16. Bxg7 Kxg7 17. fxe4 Rd2 18. e5 c6 19. Rf5 Rxe2 20. a3 Be7 21. b4 Re3 22. Raf1 Rf8 23. Rd1 Kg6 24. Rf4 Rd8 25. Rdf1 Rxe5 26. Be4+ Kh6 27. Bb1 f5 28. Bxf5 Bg5 29. Re4 Rxe4 1/2-1/2